Countries A-Z by Official Language - Statistics

General Stats
  • This quiz has been taken 2,156 times
  • The average score is 16 of 24
Answer Stats
Letter Language Country % Correct
O Arabic Oman
92%
Q Arabic Qatar
90%
Y Arabic Yemen
90%
J Arabic Jordan
84%
Z Shona Zimbabwe
84%
C Khmer Cambodia
83%
H French Haiti
82%
U Spanish Uruguay
80%
E Arabic Egypt
76%
G Spanish Guatemala
75%
S Zulu South Africa
72%
A Portuguese Angola
70%
V English Vanuatu
68%
B Quechua Bolivia
65%
F English Fiji
65%
K Gilbertese Kiribati
62%
R English Rwanda
61%
N French Niger
59%
D English Dominica
51%
M Portuguese Mozambique
50%
I French Ivory Coast
46%
T French Togo
42%
L French Luxembourg
41%
P Tok Pisin Papua New Guinea
38%
No matching quizzes found
Score Distribution
Percent of People with Each Score
Percentile by Number Answered
Your Score History
You have not taken this quiz